LEADER 01599nam a2200361 i 4500 001 000000188426 003 CaOOAMICUS 005 20200813140109.0 008 151118s1982 it u000 u mul u 013 $a166610 020 $a88-209-1395-X 040 $aSeMil$bita 100 0 $aTeresa : di Calcutta,$c.$0(OLS)http://semarc/name/32720 245 14$aUna via all'amore /$cMadre Teresa Di Calcutta ; meditazioni curate e tradotte da Sean-Patrick Lovett ; disegni di Raimondo Rossi. 246 01$aA way of love 260 $aCittà del Vaticano :$bLibreria Editrice Vaticana,$c1982. 300 $a149 p. :$bill. ;$c22 cm. 490 0 $aCollana letteraria ;$v10. 500 $aTesto a fronte. 650 4$aTeresa : di Calcutta - Preghiere - Testi.$0(OLS)http://semarc/subject/35465 700 1 $aRossi, Raimondo.$0(OLS)http://semarc/name/69027 700 1 $aLovett, Sean-Patrick.$0(OLS)http://semarc/name/69026 830 0$aCollana letteraria ;$v10.$0(OLS)http://semarc/title/23239 850 $aSeMil 852 $aSeMil$W1$xVenegono$y1$m3F IV 379$j139081$B139081$CSeMilBibl$Z2$F150662 $81 900 1 $aMadre Teresa. 961 $aOmaggio: Martinelli don Romano 996 $6020$a88-209-1395-X$9(OLS)http://semarc/number/179010 996 $6245$aUna via all'amore$9(OLS)http://semarc/title/271184 996 $6246$aA way of love$9(OLS)http://semarc/title/271185 996 $6260$aCittà del Vaticano :$bLibreria Editrice Vaticana$9(OLS)http://semarc/publisher/29734 LEADER 01529nam a2200241 i 4500 001 000000059548 003 CaOOAMICUS 005 20130802000000.0 008 130802s1773 xx u000 u lat u 013 $a30720 026 $an-d- d.nt ide- unse (3) 1773 (R) 040 $aSeMil$bita 100 1 $aJuénin, Gaspard,$d<1650-1713>.$0(OLS)http://semarc/name/12542 245 10$aCommentarius historicus et dogmaticus de sacramentis in genere et specie...his adduntur dissertationes de censuris, de irregularitate, & de indulgentiis, exactae ad veterem & hodiernam Ecclesiae disciplinam, auctore Gaspare Juenin. 250 $aEditio novissima veneta post sextam lugdunensem ab innumeris mendis sedulo expurgata. 260 $aVenetiis :$bSumptibus Societatem,$c1773. 300 $axx, 602 col. ;$cfol. 500 $aFregio xilogr. sul front. - Iniz. xilogr. - Testo su due colonne. - Segn. : *-2*6 4A-4F6. - Tarlature di varie dimensioni ; Pagine ingiallite con effetto foxing. 650 4$aSacramenti - Diritto canonico.$0(OLS)http://semarc/subject/3661 850 $aSeMil 852 $aSeMil$W1$xVenegono$y1$m2J VI 55 FA$j25701$B25701$CSeMilBibl$Z2$F25704 $8I 996 $6245$aCommentarius historicus et dogmaticus de sacramentis in genere et specie...his adduntur dissertationes de censuris, de irregularitate, & de indulgentiis, exactae ad veterem & hodiernam Ecclesiae disciplinam, auctore Gaspare Juenin$9(OLS)http://semarc/title/93063 996 $6260$aVenetiis :$bSumptibus Societatem$9(OLS)http://semarc/publisher/42088